Německo
Všeobecné charakteristiky o Nemecku. Nemecko a Európska únia. Európska politika v Nemecku. Stanovisko Nemecka k prístupovým krajinám.
Na minha lista:
| Formato: | Capítulo de Livro |
|---|---|
| Idioma: | tcheco |
| Assuntos: | |
| Tags: |
Sem tags, seja o primeiro a adicionar uma tag!
|
MARC
| LEADER | 00000naa a2200000 4500 | ||
|---|---|---|---|
| 001 | r041404 | ||
| 005 | 20230927121118.2 | ||
| 041 | 0 | |a cze | |
| 044 | |a CZ | ||
| 245 | 1 | 0 | |a Německo |
| 520 | |a Všeobecné charakteristiky o Nemecku. Nemecko a Európska únia. Európska politika v Nemecku. Stanovisko Nemecka k prístupovým krajinám. | ||
| 610 | 2 | 0 | |a Nemecko |
| 610 | 2 | 0 | |a Európska únia |
| 610 | 2 | 0 | |a vývoj hospodársky |
| 610 | 2 | 0 | |a spolupráca hospodárska medzinárodná |
| 610 | 2 | 0 | |a politika |